| 000 | 00749nam a22002777a 4500 | ||
|---|---|---|---|
| 001 | BD-DhSAU 4261 | ||
| 003 | BD-DhSAU | ||
| 005 | 20150301092348.0 | ||
| 008 | 150215s2010 -usa||||r|||| 000 0 eng d | ||
| 020 | _a9781416066071 | ||
| 040 | _aBD-DhSAU | ||
| 082 |
_222 _a639.0891 _bD983 |
||
| 100 | _aDyce, K M | ||
| 245 |
_aTextbook of veterinary anatomy / _cK M Dyce, W O Sack, C J G Wensing |
||
| 250 | _a4th ed. | ||
| 260 |
_aMissouri : _bSaunders , _c2010. |
||
| 300 |
_a834 p. : _bill. ; _c28 cm. |
||
| 500 | _aNew arrival 2014 | ||
| 504 | _aIncludes bibliographical references and index. | ||
| 590 | _aerfat | ||
| 650 | _aVeterinary. | ||
| 650 | _aAnatomy. | ||
| 650 | _aPhysiology. | ||
| 700 | _aSack, W O | ||
| 700 | _aWensing, C J G | ||
| 942 |
_2ddc _cBOOK |
||
| 999 |
_c4261 _d4261 |
||